000 00854nam a2200265 a 4500
001 54898
003 BD-RjUL
005 20211209080201.0
008 940128s1994 ii ab b 001 0 eng
020 _a817035126X :
_cRs220.00
035 _a(BD-RjUL)55020
040 _aDLC
_cDLC
_beng
_dBD-RjUL
041 _aeng
082 _223
_a338.37270954
_bROL 1994
245 0 0 _aRole of fisheries in rural development /
_cedited by S. Giriappa.
260 _aDelhi :
_bDaya Pub. House,
_c1994.
300 _axi, 178 p. :
_bill., ;
_c22 cm.
504 _aIncludes bibliographical references and index.
520 _aWith references to India; contributed papers.
650 0 _aFisheries
_xEconomic aspects
_zIndia.
_9163649
650 0 _aRural development
_zIndia.
_9163650
700 1 _aGiriappa, S.
_9163651
740 0 _aRural development.
942 _2ddc
_cBK
999 _c54898
_d54898